[Event "17. Internationales Open Graz 2010"]
[Site "Brauhaus Puntigam, Graz"]
[Date "2010.08.30"]
[Round "3"]
[Board "1"]
[White "Halvax, Georg"]
[Black "Wallner, Dieter"]
[Result "1-0"]
[WhiteElo "2255"]
[BlackElo "2117"]
[PlyCount "33"]
[EventDate "2010.08.28"]
[EventRounds "9"]
[EventCountry "AUT"]

1.e4 c6 2.d4 d5 3.e5 Bf5 4.Nf3 e6 5.Be2 c5 6.Be3 cxd4 7.Nxd4 Ne7 8.c4 Nbc6 9.Qa4
a6 10.Nc3 Rc8 11.Rd1 Qd7 12.cxd5 exd5 13.Nxf5 Qxf5 14.Bg4 Qg6 15.Bxc8 Qxg2
16.Qg4 Qxh1+ 17.Ke2

[Event "17. Internationales Open Graz 2010"]
[Site "Brauhaus Puntigam, Graz"]
[Date "2010.08.30"]
[Round "3"]
[Board "1"]
[White "Sekyra, Michael"]
[Black "Tomazini, Aljosa"]
[Result "0-1"]
[WhiteElo "2111"]
[BlackElo "2234"]
[PlyCount "78"]
[EventDate "2010.08.28"]
[EventRounds "9"]
[EventCountry "AUT"]

1.e4 Nf6 2.e5 Nd5 3.d4 d6 4.Nf3 dxe5 5.Nxe5 c6 6.Nd2 Nd7 7.Ndf3 g6 8.Bd3 Bg7
9.O-O Nb4 10.Nxf7 Kxf7 11.Ng5+ Kg8 12.c3 Nd5 13.Ne6 Qe8 14.c4 N7b6 15.cxd5 Bxe6
16.dxe6 Rd8 17.Be3 Rd6 18.a4 Nd5 19.Qb3 Qc8 20.Rac1 Bf6 21.Bc4 Kg7 22.Rfe1 Rhd8
23.g3 Kg8 24.a5 a6 25.h4 Qc7 26.h5 Nxe3 27.fxe3 gxh5 28.Rf1 Kh8 29.Qb6 Qb8
30.Kg2 Rg8 31.Rf3 h4 32.Rg1 Rg5 33.Kh3 c5 34.Qb3 cxd4 35.Rxf6 exf6 36.e7 Rd7
37.Qb6 Rxe7 38.Qxf6+ Reg7 39.Rf1 Qxg3#

[Event "17. Internationales Open Graz 2010"]
[Site "Brauhaus Puntigam, Graz"]
[Date "2010.08.30"]
[Round "3"]
[Board "1"]
[White "Wiedermann, Daniel"]
[Black "Stagl, Marco"]
[Result "1-0"]
[WhiteElo "2198"]
[BlackElo "2106"]
[PlyCount "93"]
[EventDate "2010.08.28"]
[EventRounds "9"]
[EventCountry "AUT"]

1.d4 d5 2.c4 c6 3.Nf3 Nf6 4.e3 Bg4 5.Qb3 Qb6 6.Nc3 e6 7.Nh4 Bh5 8.h3 Nbd7 9.g4
Bg6 10.Nxg6 hxg6 11.Bg2 Be7 12.Bd2 g5 13.Qxb6 axb6 14.cxd5 exd5 15.f3 Nf8 16.a3
Ne6 17.Rd1 b5 18.O-O b4 19.axb4 Bxb4 20.Ra1 O-O 21.Rfd1 Rfe8 22.Be1 Kf8 23.Bg3
Nd7 24.Kf2 Nb6 25.Bf1 g6 26.h4 gxh4 27.Bxh4 g5 28.Bg3 Kg7 29.Bd3 Bxc3 30.bxc3
Na4 31.Rh1 Kf6 32.Bd6 Nf8 33.Rh6+ Ng6 34.Be5+ Ke7 35.Bxg6 fxg6 36.Rxg6 Nxc3
37.Rxa8 Rxa8 38.Rg7+ Kf8 39.Rxg5 b5 40.Rg6 Ra2+ 41.Kg3 b4 42.Rxc6 Ne2+ 43.Kh4 b3
44.g5 b2 45.g6 b1=Q 46.g7+ Ke7 47.Rc7+

[Event "17. Internationales Open Graz 2010"]
[Site "Brauhaus Puntigam, Graz"]
[Date "2010.08.30"]
[Round "3"]
[Board "1"]
[White "Neubauer, Anton"]
[Black "Wertjanz, David"]
[Result "1-0"]
[WhiteElo "2003"]
[BlackElo "2175"]
[PlyCount "87"]
[EventDate "2010.08.28"]
[EventRounds "9"]
[EventCountry "AUT"]

1.e4 d5 2.exd5 Nf6 3.d4 Nxd5 4.Nf3 g6 5.c3 Bg7 6.Bc4 Nb6 7.Bb3 O-O 8.O-O N8d7
9.Bg5 Nf6 10.Nbd2 Bg4 11.Re1 a5 12.a4 c6 13.h3 Bf5 14.Nf1 Nbd5 15.Ng3 Be6 16.Bc2
Qb6 17.Qc1 Rac8 18.Rb1 Qc7 19.Bh6 Rfd8 20.Bxg7 Kxg7 21.Qg5 Qf4 22.Re5 Qxg5
23.Nxg5 Bd7 24.c4 Nb4 25.Bb3 h6 26.Nf3 b6 27.Rxe7 Be6 28.Re1 Kf8 29.Rb7 Nd3
30.Re3 Nxb2 31.Ne5 Rxd4 32.Nxg6+ fxg6 33.Rxe6 Nd7 34.Rxg6 Nc5 35.Rxb6 Nbxa4
36.Bxa4 Nxa4 37.Ra6 Rxc4 38.Rxa5 Nb2 39.Rxh6 Kg8 40.Ra7 Rf4 41.Nh5 Rf7 42.Nf6+
Kf8 43.Rh8+ Kg7 44.Rxf7+

[Event "17. Internationales Open Graz 2010"]
[Site "Brauhaus Puntigam, Graz"]
[Date "2010.08.30"]
[Round "3"]
[Board "1"]
[White "Kreiner, Stefan"]
[Black "Toefferl, Heimo"]
[Result "1-0"]
[WhiteElo "1926"]
[BlackElo "2131"]
[PlyCount "83"]
[EventDate "2010.08.28"]
[EventRounds "9"]
[EventCountry "AUT"]

1.e4 e6 2.d4 d5 3.Nc3 Bb4 4.e5 b6 5.a3 Bf8 6.Nf3 Qd7 7.h4 h6 8.h5 Ne7 9.Be3 Nf5
10.g4 Nxe3 11.fxe3 Be7 12.Bd3 Ba6 13.Bxa6 Nxa6 14.Qd3 Nb8 15.O-O-O c5 16.Rhg1 c4
17.Qe2 b5 18.g5 a5 19.gxh6 gxh6 20.a4 bxa4 21.Qg2 Bf8 22.e4 a3 23.exd5 axb2+
24.Kb1 exd5 25.e6 fxe6 26.Ne5 Qh7 27.Nxd5 exd5 28.Rde1 Be7 29.Qxd5 Ra7 30.Qb5+
Nd7 31.Nc6 Rc7 32.Rxe7+ Qxe7 33.Nxe7 Kxe7 34.Rg7+ Kd8 35.Rxd7+ Rxd7 36.Qb8+ Ke7
37.Qxh8 c3 38.Qe5+ Kd8 39.Qxa5+ Rc7 40.Qb6 Kc8 41.Qxh6 Kb7 42.Qf6

[Event "17. Internationales Open Graz 2010"]
[Site "Brauhaus Puntigam, Graz"]
[Date "2010.08.30"]
[Round "3"]
[Board "1"]
[White "Matosec, Thomas"]
[Black "Horvath, Reka"]
[Result "1-0"]
[WhiteElo "2088"]
[BlackElo "1967"]
[PlyCount "59"]
[EventDate "2010.08.28"]
[EventRounds "9"]
[EventCountry "AUT"]

1.d4 Nf6 2.Nf3 g6 3.c4 Bg7 4.g3 O-O 5.Bg2 c6 6.O-O d5 7.b3 Ne4 8.Bb2 Nd7 9.Nbd2
Ndf6 10.e3 b6 11.Ne5 Nxd2 12.Qxd2 Bb7 13.Rac1 Rc8 14.Rfd1 Nd7 15.cxd5 cxd5
16.Rxc8 Qxc8 17.Rc1 Qd8 18.Nc6 Bxc6 19.Rxc6 Nb8 20.Rc2 Qd7 21.Qc3 Qg4 22.Bxd5
Kh8 23.Kg2 h5 24.Bf3 Qf5 25.e4 Qf6 26.Qe3 Qd6 27.e5 Qd7 28.d5 Na6 29.e6 Qd6
30.Qh6+

[Event "17. Internationales Open Graz 2010"]
[Site "Brauhaus Puntigam, Graz"]
[Date "2010.08.30"]
[Round "3"]
[Board "1"]
[White "Brunner, Gerhard"]
[Black "Titan, Matej"]
[Result "0-1"]
[WhiteElo "1992"]
[BlackElo "2117"]
[PlyCount "100"]
[EventDate "2010.08.28"]
[EventRounds "9"]
[EventCountry "AUT"]

1.e4 e5 2.Nf3 Nc6 3.Bc4 Bc5 4.c3 Nf6 5.d3 a6 6.b4 Ba7 7.O-O O-O 8.Bg5 d6 9.h3 h6
10.Bh4 Be6 11.Nbd2 Qe7 12.Bb3 g5 13.Bg3 Bxb3 14.Qxb3 Nh5 15.Bh2 Qf6 16.Nc4 Nf4
17.Qd1 Ne7 18.Ne3 Qg6 19.Ne1 f5 20.Bxf4 gxf4 21.Nxf5 Nxf5 22.exf5 Qxf5 23.Qf3 c6
24.Qg4+ Qxg4 25.hxg4 Kf7 26.Kh2 Rg8 27.f3 h5 28.g3 hxg4 29.gxf4 exf4 30.d4 g3+
31.Kg2 Rae8 32.Rh1 Rh8 33.Rxh8 Rxh8 34.Nd3 Rh2+ 35.Kg1 Rh4 36.Re1 Bb8 37.Re4 d5
38.Re2 Bd6 39.a4 Rh8 40.Ne5+ Bxe5 41.Rxe5 Kf6 42.a5 Rh2 43.Re8 Rf2 44.Rf8+ Kg5
45.Rg8+ Kh6 46.Rb8 Rxf3 47.Rxb7 Rxc3 48.Kg2 Kg5 49.Re7 Rc2+ 50.Kg1 f3

[Event "17. Internationales Open Graz 2010"]
[Site "Brauhaus Puntigam, Graz"]
[Date "2010.08.30"]
[Round "3"]
[Board "1"]
[White "Neuberger, Marco"]
[Black "Schriebl, Alexander"]
[Result "1/2-1/2"]
[WhiteElo "1973"]
[BlackElo "2072"]
[PlyCount "80"]
[EventDate "2010.08.28"]
[EventRounds "9"]
[EventCountry "AUT"]

1.e4 d5 2.exd5 Qxd5 3.Nc3 Qa5 4.d4 Nf6 5.Bd2 Qb6 6.Nf3 Bf5 7.Bc4 c6 8.O-O Nbd7
9.Bb3 Bg4 10.Be3 Qa5 11.h3 Bh5 12.Qe2 O-O-O 13.Bf4 Qf5 14.Qe3 Bxf3 15.gxf3 g5
16.Bg3 Nh5 17.Ne4 Rg8 18.Kh2 h6 19.Qd3 e6 20.Rg1 Nf4 21.Bxf4 Qxf4+ 22.Rg3 Nc5
23.Qe3 Nxe4 24.Qxf4 gxf4 25.Rxg8 Nf6 26.Rh8 Kd7 27.c4 Ke7 28.d5 cxd5 29.cxd5
Nxd5 30.Rc1 Nb4 31.Rc7+ Kf6 32.Rxb7 Nd3 33.Bc2 Nxf2 34.Kg2 Nd1 35.Bxd1 Rd2+
36.Kf1 Rxd1+ 37.Ke2 Rd8 38.Rxa7 Kg7 39.Rxf8 Rxf8 40.Ra4 e5

[Event "17. Internationales Open Graz 2010"]
[Site "Brauhaus Puntigam, Graz"]
[Date "2010.08.31"]
[Round "4"]
[Board "1"]
[White "Webersberger, Johann"]
[Black "Kasparov, Sergey"]
[Result "1/2-1/2"]
[WhiteElo "2368"]
[BlackElo "2492"]
[PlyCount "29"]
[EventDate "2010.08.28"]
[EventRounds "9"]
[EventCountry "AUT"]

1.d4 d5 2.c4 c6 3.Nf3 Nf6 4.e3 a6 5.Bd3 Bg4 6.Nbd2 e6 7.O-O Nbd7 8.b3 Bd6 9.Bb2
Qb8 10.Qc2 O-O 11.Rac1 Bh5 12.Rfe1 Re8 13.Qb1 Bg6 14.Bxg6 hxg6 15.e4

[Event "17. Internationales Open Graz 2010"]
[Site "Brauhaus Puntigam, Graz"]
[Date "2010.08.31"]
[Round "4"]
[Board "1"]
[White "Rabiega, Robert"]
[Black "Krumpacnik, Domen"]
[Result "1-0"]
[WhiteElo "2508"]
[BlackElo "2331"]
[PlyCount "147"]
[EventDate "2010.08.28"]
[EventRounds "9"]
[EventCountry "AUT"]

1.e4 e6 2.d4 d5 3.Nc3 Bb4 4.exd5 exd5 5.Bd3 Ne7 6.Qh5 g6 7.Qf3 Bf5 8.Nge2 Bxd3
9.Qxd3 Nbc6 10.Bg5 Qd6 11.O-O Bxc3 12.bxc3 f6 13.Bf4 Qd7 14.c4 O-O 15.Rab1 b6
16.cxd5 Nxd5 17.Bh6 Rf7 18.Ng3 Re8 19.c4 Nde7 20.Rbd1 Nf5 21.Nxf5 Qxf5 22.Qxf5
gxf5 23.Rfe1 Rfe7 24.Rxe7 Rxe7 25.Be3 f4 26.Bxf4 Nxd4 27.Bxc7 Nf3+ 28.gxf3 Rxc7
29.Kf1 Kf7 30.Rd4 Ke6 31.Rh4 h5 32.Rxh5 Rxc4 33.Rh8 Rc1+ 34.Kg2 Rc2 35.a3 Rc3
36.Re8+ Kf5 37.Re3 Rc4 38.Kg3 Rc7 39.Re4 b5 40.a4 a6 41.axb5 axb5 42.Rb4 Rg7+
43.Kh3 Rb7 44.Kg3 Rg7+ 45.Kh3 Rb7 46.f4 Rb8 47.Kg3 Rg8+ 48.Kf3 Rb8 49.h4 Rb7
50.h5 Rb8 51.Kg3 Rg8+ 52.Kh3 Rb8 53.f3 Rb7 54.Kg3 Rb8 55.Kf2 Re8 56.Rxb5+ Kxf4
57.h6 f5 58.h7 Rh8 59.Rb7 Kg5 60.Kg3 f4+ 61.Kh3 Kg6 62.Kg4 Rf8 63.Rc7 Ra8
64.Kxf4 Ra4+ 65.Kg3 Ra8 66.Kg4 Rb8 67.f4 Rh8 68.Rc1 Ra8 69.Rh1 Rh8 70.f5+ Kf6
71.Rh6+ Kf7 72.Kg5 Kg7 73.Rg6+ Kf7 74.Ra6

[Event "17. Internationales Open Graz 2010"]
[Site "Brauhaus Puntigam, Graz"]
[Date "2010.08.31"]
[Round "4"]
[Board "1"]
[White "Nickl, Klaus"]
[Black "Lanka, Zigurds"]
[Result "0-1"]
[WhiteElo "2162"]
[BlackElo "2468"]
[PlyCount "82"]
[EventDate "2010.08.28"]
[EventRounds "9"]
[EventCountry "AUT"]

1.d4 Nf6 2.Nf3 g6 3.Bg5 Bg7 4.Nbd2 c5 5.Bxf6 Bxf6 6.Ne4 Bxd4 7.Nxd4 cxd4 8.Qxd4
O-O 9.c4 Nc6 10.Qd2 d6 11.e3 Ne5 12.Be2 b6 13.O-O Bb7 14.Nc3 Rc8 15.b3 Bc6 16.f4
Nd7 17.Bf3 Bxf3 18.Rxf3 a6 19.Rd1 Nf6 20.Qd4 Qc7 21.g4 Qb7 22.Rg3 b5 23.Nd5 Nxd5
24.cxd5 Rc2 25.Rg2 Rfc8 26.Rxc2 Rxc2 27.Rd2 Rc1+ 28.Kg2 Qc8 29.h3 Re1 30.Kf3 Rh1
31.Kg3 Qc1 32.e4 h6 33.e5 dxe5 34.fxe5 Qe1+ 35.Rf2 Qg1+ 36.Kf3 Rxh3+ 37.Ke2 Rh2
38.d6 Rxf2+ 39.Qxf2 Qxg4+ 40.Kd3 exd6 41.exd6 Qd1+

[Event "17. Internationales Open Graz 2010"]
[Site "Brauhaus Puntigam, Graz"]
[Date "2010.08.31"]
[Round "4"]
[Board "1"]
[White "Sakelsek, Tadej"]
[Black "Loebler, Heimo"]
[Result "1-0"]
[WhiteElo "2407"]
[BlackElo "2167"]
[PlyCount "123"]
[EventDate "2010.08.28"]
[EventRounds "9"]
[EventCountry "AUT"]

1.e4 c5 2.Nf3 e6 3.d4 cxd4 4.Nxd4 a6 5.Bd3 Bc5 6.Nb3 Be7 7.Be3 d6 8.f4 Nd7 9.Qf3
Rb8 10.O-O Qc7 11.N1d2 Ngf6 12.Rae1 e5 13.Kh1 b5 14.Bg1 Bb7 15.f5 d5 16.h3 dxe4
17.Nxe4 Nxe4 18.Bxe4 O-O 19.c3 Bf6 20.Nd2 Bg5 21.Be3 Bxe3 22.Rxe3 f6 23.Bxb7
Qxb7 24.Ne4 Qc7 25.Rd1 Nb6 26.Red3 Rbd8 27.b3 Kh8 28.R1d2 Rd7 29.Nd6 Kg8 30.Qd1
Rfd8 31.a4 bxa4 32.bxa4 Nc8 33.Ne4 Rxd3 34.Rxd3 Rxd3 35.Qxd3 Qc6 36.c4 h6 37.a5
Kh7 38.Nc3 Ne7 39.Nd5 Nxd5 40.cxd5 Qc1+ 41.Kh2 Qf4+ 42.Kg1 e4 43.Qd4 Qxf5 44.d6
e3 45.Qxe3 Qd5 46.Qe7 Qd4+ 47.Kh1 Qf4 48.d7 Qc1+ 49.Kh2 Qf4+ 50.Kg1 Qc1+ 51.Kf2
Qd2+ 52.Kg3 Qg5+ 53.Kf3 Qf5+ 54.Ke3 Qg5+ 55.Kd4 Qd2+ 56.Kc5 Qxa5+ 57.Kc6 Qb5+
58.Kc7 Qc4+ 59.Kd8 Kg8 60.Ke8 Qc6 61.Qf7+ Kh7 62.Kf8

[Event "17. Internationales Open Graz 2010"]
[Site "Brauhaus Puntigam, Graz"]
[Date "2010.08.31"]
[Round "4"]
[Board "1"]
[White "Mihevc, Ivo"]
[Black "Fauland, Alexander"]
[Result "0-1"]
[WhiteElo "2193"]
[BlackElo "2406"]
[PlyCount "74"]
[EventDate "2010.08.28"]
[EventRounds "9"]
[EventCountry "AUT"]

1.e4 c5 2.Nf3 Nc6 3.d4 cxd4 4.Nxd4 e5 5.Nb5 d6 6.c4 Be7 7.N1c3 a6 8.Na3 Be6
9.Be2 Bg5 10.O-O Rc8 11.Nc2 Bxc1 12.Rxc1 Nf6 13.Qd2 O-O 14.b3 Qa5 15.Rfd1 Rfd8
16.a3 Qb6 17.b4 Qa7 18.h3 h6 19.Bf1 Rd7 20.Qe3 Qxe3 21.fxe3 Nb8 22.Nd5 Bxd5
23.exd5 Rdc7 24.Na1 Nbd7 25.Nb3 Nb6 26.Na5 Kf8 27.Rb1 Na4 28.Rb3 Ne4 29.Bd3 Nec3
30.Rd2 e4 31.Bf1 f5 32.Kf2 Kf7 33.g3 Kf6 34.b5 axb5 35.cxb5 Nb6 36.Nxb7 Rxb7
37.Rc2 Ke5

[Event "17. Internationales Open Graz 2010"]
[Site "Brauhaus Puntigam, Graz"]
[Date "2010.08.31"]
[Round "4"]
[Board "1"]
[White "Mihevc Mohr, Narcisa"]
[Black "Basagic, Zlatko"]
[Result "0-1"]
[WhiteElo "2142"]
[BlackElo "2327"]
[PlyCount "49"]
[EventDate "2010.08.28"]
[EventRounds "9"]
[EventCountry "AUT"]

1.e4 c5 2.Nf3 e6 3.d4 cxd4 4.Nxd4 Nf6 5.Nc3 Bb4 6.Bd3 d5 7.exd5 Nxd5 8.Bd2 Nc6
9.Nxc6 bxc6 10.O-O O-O 11.Qe2 Rb8 12.Rfd1 Qc7 13.Qh5 f5 14.Bc4 Bc5 15.Rab1 Kh8
16.Bg5 Nf6 17.Qh4 e5 18.Rd3 Ng4 19.Nd1 f4 20.Bd8 Qb7 21.Rb3 Bb6 22.Be7 Re8
23.Bf7 Qxe7 24.Qxe7 Rxe7 25.Rxb6

[Event "17. Internationales Open Graz 2010"]
[Site "Brauhaus Puntigam, Graz"]
[Date "2010.08.31"]
[Round "4"]
[Board "1"]
[White "Neubauer, Anton"]
[Black "Fauland, Peter"]
[Result "0-1"]
[WhiteElo "2003"]
[BlackElo "2243"]
[PlyCount "114"]
[EventDate "2010.08.28"]
[EventRounds "9"]
[EventCountry "AUT"]

1.e4 e5 2.Nf3 d6 3.d4 Nd7 4.Bc4 Be7 5.Nc3 c6 6.O-O Ngf6 7.Qe2 O-O 8.h3 b5 9.Bd3
a6 10.Nd1 exd4 11.Nxd4 Ne5 12.c3 c5 13.Nf3 Bb7 14.Bc2 Re8 15.Nxe5 dxe5 16.Bg5 h6
17.Bxf6 Bxf6 18.Ne3 Bg5 19.Rad1 Qa5 20.Bb1 Rad8 21.Nf5 Qb6 22.Bc2 c4 23.h4 Bf6
24.g3 Kh7 25.Rxd8 Rxd8 26.Rd1 Rxd1+ 27.Qxd1 g6 28.Ne3 Qe6 29.Qg4 Qe8 30.Qf3 Bg7
31.Qd1 Qe7 32.Qe2 Qc5 33.Qd2 Qc7 34.Qd1 h5 35.Qe2 Bc8 36.Nd5 Qd6 37.Qd1 Qc5
38.Kg2 Bg4 39.f3 Be6 40.b4 cxb3 41.Bxb3 a5 42.a4 bxa4 43.Bxa4 Bf8 44.Qb3 Kg7
45.Qb5 Qa3 46.Qb3 Qa1 47.Qd1 Qa2+ 48.Qc2 Bxd5 49.exd5 Qxd5 50.Bb3 Qb5 51.Ba4 Qc4
52.Bb3 Qb5 53.Ba4 Qb6 54.Bb3 Qe3 55.c4 Bc5 56.Qd1 f5 57.Ba4 Qf2+

[Event "17. Internationales Open Graz 2010"]
[Site "Brauhaus Puntigam, Graz"]
[Date "2010.08.31"]
[Round "4"]
[Board "1"]
[White "Matosec, Thomas"]
[Black "Tomazini, Zan"]
[Result "0-1"]
[WhiteElo "2088"]
[BlackElo "2188"]
[PlyCount "70"]
[EventDate "2010.08.28"]
[EventRounds "9"]
[EventCountry "AUT"]

1.Nf3 Nf6 2.c4 g6 3.Nc3 Bg7 4.g3 O-O 5.Bg2 d6 6.O-O Nc6 7.d4 Bf5 8.Ne1 Qd7 9.e4
Bh3 10.f3 Na5 11.Qe2 c5 12.dxc5 dxc5 13.Be3 Bxg2 14.Nxg2 b6 15.Rad1 Qb7 16.Rd2
Nd7 17.Rfd1 Ne5 18.f4 Nexc4 19.Rd7 Qc6 20.Nd5 Kh8 21.Rc7 Qd6 22.e5 Qd8 23.Rxe7
Nc6 24.Rc7 N4a5 25.Qg4 h5 26.Qf3 Nb4 27.e6 Nxd5 28.Rd7 Qf6 29.R1xd5 fxe6 30.Rg5
Qxg5 31.Qxa8 Qf5 32.Qxa7 Qb1+ 33.Kf2 Qxb2+ 34.Kf3 Nc6 35.Qb7 Ne5+

[Event "17. Internationales Open Graz 2010"]
[Site "Brauhaus Puntigam, Graz"]
[Date "2010.08.31"]
[Round "4"]
[Board "1"]
[White "Staufenberger, Bernd"]
[Black "Zankl, Thomas"]
[Result "1/2-1/2"]
[WhiteElo "2071"]
[BlackElo "2122"]
[PlyCount "43"]
[EventDate "2010.08.28"]
[EventRounds "9"]
[EventCountry "AUT"]

1.e4 e6 2.d4 d5 3.Nc3 Bb4 4.exd5 exd5 5.Bd3 Nf6 6.Bg5 Be6 7.Nge2 h6 8.Bh4 O-O
9.O-O c6 10.Nf4 Re8 11.Re1 Bd7 12.Rxe8+ Bxe8 13.Nh5 g5 14.Bg3 Nbd7 15.Nxf6+ Qxf6
16.Qg4 Bd6 17.Re1 Nf8 18.Be5 Bxe5 19.Rxe5 Bd7 20.Bf5 Bxf5 21.Rxf5 Qg7 22.Re5

[Event "17. Internationales Open Graz 2010"]
[Site "Brauhaus Puntigam, Graz"]
[Date "2010.08.31"]
[Round "4"]
[Board "1"]
[White "Stagl, Marco"]
[Black "Kozomara, David"]
[Result "1-0"]
[WhiteElo "2106"]
[BlackElo "1962"]
[PlyCount "119"]
[EventDate "2010.08.28"]
[EventRounds "9"]
[EventCountry "AUT"]

1.Nf3 Nf6 2.c4 e6 3.g3 d5 4.d4 c6 5.Bg2 Be7 6.O-O O-O 7.Qc2 Nbd7 8.Nbd2 c5 9.Rd1
Qb6 10.cxd5 exd5 11.Nb3 c4 12.Nbd2 Nb8 13.e4 Nc6 14.exd5 Nb4 15.Qb1 Qc7 16.Ne5
c3 17.bxc3 Nbxd5 18.Bb2 Nxc3 19.Bxc3 Qxc3 20.Ndc4 Rd8 21.Rd3 Qb4 22.Qd1 Bf8
23.Rb1 Qe7 24.Ne3 Rd6 25.N5c4 Ra6 26.a4 Rb8 27.Rb5 Bd7 28.Rxb7 Rxb7 29.Bxb7 Rxa4
30.Nd5 Nxd5 31.Bxd5 Rb4 32.Ne5 Be8 33.Rf3 Rb5 34.Bxf7+ Bxf7 35.Rxf7 Qd8 36.Qf3
a5 37.Nc6 Qe8 38.Ra7 Bb4 39.Qb3+ Kh8 40.Ne5 Rxe5 41.dxe5 h6 42.e6 Qf8 43.Rf7 Qd8
44.Qa4 Qd2 45.Qe8+ Kh7 46.Rf3 Qd1+ 47.Kg2 a4 48.Qb5 a3 49.Qxb4 a2 50.Qe4+ Kg8
51.e7 Qxf3+ 52.Kxf3 g5 53.Qg6+ Kh8 54.Qxh6+ Kg8 55.Qe6+ Kh7 56.Qxa2 g4+ 57.Kxg4
Kh6 58.Qe6+ Kg7 59.e8=N+ Kh7 60.Qf7+

[Event "17. Internationales Open Graz 2010"]
[Site "Brauhaus Puntigam, Graz"]
[Date "2010.08.31"]
[Round "4"]
[Board "1"]
[White "Perhinig, Robert"]
[Black "Titan, Matej"]
[Result "1/2-1/2"]
[WhiteElo "2262"]
[BlackElo "2117"]
[PlyCount "87"]
[EventDate "2010.08.28"]
[EventRounds "9"]
[EventCountry "AUT"]

1.d4 d5 2.Bf4 Nf6 3.e3 c5 4.c3 Nc6 5.Nf3 e6 6.Nbd2 Bd6 7.Bg5 O-O 8.Be2 h6 9.Bh4
b6 10.O-O Bb7 11.Bg3 Qc7 12.a3 Bxg3 13.hxg3 e5 14.dxe5 Nxe5 15.Nxe5 Qxe5 16.Bf3
Rad8 17.Qa4 Qc7 18.Rfd1 Bc6 19.Qf4 Qb7 20.b4 Ba4 21.Rdc1 Qa6 22.Rab1 Rc8 23.c4
Bd7 24.cxd5 Qxa3 25.Nc4 Qa2 26.Ra1 Qb3 27.Nd6 Rcd8 28.bxc5 Nxd5 29.Qd4 Be6
30.Rcb1 Qc3 31.Qxc3 Nxc3 32.Rc1 Na2 33.Rc2 Nb4 34.Rc3 Nd5 35.Bxd5 Bxd5 36.Rxa7
bxc5 37.Nf5 Be6 38.Rxc5 Rd1+ 39.Kh2 Rb8 40.Nd4 Bg4 41.Nb5 Rd2 42.Kg1 Rd1+ 43.Kh2
Rd2 44.Kg1

[Event "17. Internationales Open Graz 2010"]
[Site "Brauhaus Puntigam, Graz"]
[Date "2010.08.31"]
[Round "4"]
[Board "1"]
[White "Wegerer, Fred"]
[Black "Sekyra, Michael"]
[Result "1-0"]
[WhiteElo "2207"]
[BlackElo "2111"]
[PlyCount "27"]
[EventDate "2010.08.28"]
[EventRounds "9"]
[EventCountry "AUT"]

1.Nf3 c5 2.c4 b6 3.g3 Bb7 4.Bg2 Nf6 5.Nc3 e6 6.O-O Be7 7.d4 cxd4 8.Qxd4 O-O
9.Rd1 a6 10.b3 d6 11.Ba3 e5 12.Nxe5 Bxg2 13.Kxg2 Qc8 14.Nf3

[Event "17. Internationales Open Graz 2010"]
[Site "Brauhaus Puntigam, Graz"]
[Date "2010.08.31"]
[Round "4"]
[Board "1"]
[White "Wertjanz, David"]
[Black "Kravanja, Georg"]
[Result "1/2-1/2"]
[WhiteElo "2175"]
[BlackElo "2099"]
[PlyCount "118"]
[EventDate "2010.08.28"]
[EventRounds "9"]
[EventCountry "AUT"]

1.e4 c5 2.Nf3 d6 3.d4 cxd4 4.Nxd4 Nf6 5.Nc3 a6 6.Bc4 e6 7.Bb3 b5 8.Bg5 Be7 9.Qf3
Qc7 10.e5 Bb7 11.exd6 Bxd6 12.Qe3 O-O 13.O-O-O Bc5 14.Bxf6 gxf6 15.Ne4 Qe5
16.Nxc5 Qxc5 17.f4 Nc6 18.Qg3+ Kh8 19.Qh4 Qe7 20.Nf5 exf5 21.Rhe1 Qc7 22.Qxf6+
Kg8 23.Qg5+ Kh8 24.Qxf5 Rad8 25.Qf6+ Kg8 26.c3 Rxd1+ 27.Rxd1 Rd8 28.Rxd8+ Nxd8
29.Qg5+ Kf8 30.f5 Ke8 31.f6 Qd6 32.g3 Kd7 33.Qf5+ Kc7 34.Qxh7 Qxf6 35.Qd3 Qe5
36.a4 Ne6 37.axb5 Nc5 38.b6+ Kxb6 39.Qd8+ Ka7 40.Bxf7 Qe3+ 41.Qd2 Qg1+ 42.Qd1
Qxh2 43.b4 Qh6+ 44.Kb2 Ne4 45.Qd4+ Qb6 46.Qxb6+ Kxb6 47.g4 Bc8 48.c4 Bxg4 49.Bg6
Nf2 50.Be8 Kc7 51.Ka3 Ne4 52.Bg6 Nd6 53.Bd3 Bd1 54.Kb2 Kd7 55.Kc3 Ke6 56.Kd4 Bg4
57.Kc5 Ke5 58.Kb6 Kd4 59.Bf1 Nxc4+

[Event "17. Internationales Open Graz 2010"]
[Site "Brauhaus Puntigam, Graz"]
[Date "2010.08.31"]
[Round "4"]
[Board "1"]
[White "Toefferl, Heimo"]
[Black "Teuschler, Hugo"]
[Result "1/2-1/2"]
[WhiteElo "2131"]
[BlackElo "2043"]
[PlyCount "113"]
[EventDate "2010.08.28"]
[EventRounds "9"]
[EventCountry "AUT"]

1.d4 d5 2.c4 e6 3.Nc3 Nf6 4.Nf3 Be7 5.Bg5 h6 6.Bh4 O-O 7.e3 b6 8.cxd5 Nxd5
9.Bxe7 Qxe7 10.e4 Nxc3 11.bxc3 c5 12.Bd3 cxd4 13.cxd4 Qb4+ 14.Qd2 Qxd2+ 15.Kxd2
Ba6 16.Rac1 Bxd3 17.Kxd3 Na6 18.a3 Rfc8 19.g4 Kf8 20.h4 f6 21.g5 Rxc1 22.Rxc1
Rd8 23.Ke3 Kf7 24.Rc4 Rd7 25.Rc6 Rc7 26.d5 Rxc6 27.dxc6 hxg5 28.hxg5 e5 29.gxf6
gxf6 30.Nh4 Nc7 31.Nf5 Ke6 32.a4 Ne8 33.Kd3 Nc7 34.Kc4 Ne8 35.Kb4 Nc7 36.a5
bxa5+ 37.Kxa5 Kf7 38.Nd6+ Ke6 39.Nc8 f5 40.f3 fxe4 41.fxe4 Ne8 42.Nxa7 Nd6 43.c7
Kd7 44.Kb6 Nc8+ 45.Nxc8 Kxc8 46.Kc5 Kxc7 47.Kd5 Kd7 48.Kxe5 Ke7 49.Kd5 Kd7 50.e5
Ke7 51.e6 Ke8 52.Ke5 Ke7 53.Kf5 Ke8 54.Kg6 Ke7 55.Kf5 Ke8 56.Ke4 Ke7 57.Kd5

[Event "17. Internationales Open Graz 2010"]
[Site "Brauhaus Puntigam, Graz"]
[Date "2010.08.31"]
[Round "4"]
[Board "1"]
[White "Boehmer, Ernst"]
[Black "Holzbauer, Johannes"]
[Result "0-1"]
[WhiteElo "2128"]
[BlackElo "2036"]
[PlyCount "106"]
[EventDate "2010.08.28"]
[EventRounds "9"]
[EventCountry "AUT"]

1.d4 Nf6 2.c4 b6 3.Nf3 Bb7 4.Nc3 e6 5.e3 Bb4 6.Bd3 Bxc3+ 7.bxc3 O-O 8.Qc2 d6
9.e4 e5 10.Bg5 Nbd7 11.h3 Qe7 12.O-O h6 13.Bxf6 Nxf6 14.Rae1 Nh5 15.g3 Bc8
16.Kg2 Qe6 17.Rh1 Bb7 18.Nh4 g6 19.Qd2 Kh7 20.Be2 Bxe4+ 21.f3 Bb7 22.d5 Qf6
23.f4 Nxf4+ 24.gxf4 Qxh4 25.fxe5 dxe5 26.Bd3 Rad8 27.Re4 Qg5+ 28.Qxg5 hxg5 29.h4
f5 30.hxg5+ Kg7 31.Reh4 Rh8 32.Kf2 Rxh4 33.Rxh4 Rh8 34.Rxh8 Kxh8 35.Be2 Kg7
36.Bf3 Ba6 37.Be2 Bc8 38.Ke3 Kf7 39.Bd1 Ke7 40.a3 Bd7 41.Be2 Kd6 42.Bd1 Kc5
43.Bb3 a6 44.a4 Be8 45.Kd3 Kd6 46.Ke3 c6 47.Kd3 cxd5 48.cxd5 Bf7 49.c4 Be8
50.Kc3 Kc5 51.Bd1 Bd7 52.Kd3 e4+ 53.Kc3 f4

[Event "17. Internationales Open Graz 2010"]
[Site "Brauhaus Puntigam, Graz"]
[Date "2010.08.31"]
[Round "4"]
[Board "1"]
[White "Gutmann, Alois"]
[Black "Neuberger, Marco"]
[Result "1-0"]
[WhiteElo "2087"]
[BlackElo "1973"]
[PlyCount "71"]
[EventDate "2010.08.28"]
[EventRounds "9"]
[EventCountry "AUT"]

1.d4 f5 2.g3 Nf6 3.Bg2 g6 4.Nf3 Bg7 5.O-O O-O 6.b3 d6 7.Bb2 Qe8 8.Nbd2 h6 9.Nc4
c6 10.a4 Na6 11.Ne1 Rb8 12.Nd3 g5 13.e3 Be6 14.Qe2 Bf7 15.Nd2 Bh5 16.Qe1 Bg6
17.e4 fxe4 18.Nxe4 Nxe4 19.Bxe4 Bxe4 20.Qxe4 Qd7 21.Rae1 Rbe8 22.f4 gxf4 23.Nxf4
e5 24.dxe5 dxe5 25.Ng6 Rxf1+ 26.Rxf1 Qe6 27.Ba3 Qd5 28.Ne7+ Rxe7 29.Qxd5+ cxd5
30.Bxe7 e4 31.Bd6 d4 32.Rf4 e3 33.Kf1 b6 34.b4 h5 35.Ke2 Kh7 36.Rf7

[Event "17. Internationales Open Graz 2010"]
[Site "Brauhaus Puntigam, Graz"]
[Date "2010.08.31"]
[Round "4"]
[Board "1"]
[White "Strobel, Matthias"]
[Black "Horvath, Reka"]
[Result "1-0"]
[WhiteElo "2086"]
[BlackElo "1967"]
[PlyCount "71"]
[EventDate "2010.08.28"]
[EventRounds "9"]
[EventCountry "AUT"]

1.d4 e6 2.Nf3 b6 3.g3 Bb7 4.Bg2 Nf6 5.O-O Be7 6.c4 d6 7.Nc3 c5 8.b3 O-O 9.Qd3 a6
10.Rd1 Qc7 11.Bb2 Nbd7 12.d5 exd5 13.cxd5 Rfe8 14.Rac1 b5 15.a3 Qb6 16.Ba1 Qa5
17.e4 Qxa3 18.e5 dxe5 19.Qb1 Bd6 20.Nd2 Qa5 21.Nce4 Qb6 22.Nc3 Rad8 23.Qf5 Qc7
24.Be4 b4 25.Na4 Nb6 26.Nxb6 Qxb6 27.Nc4 Qc7 28.Bb1 Qe7 29.Ne3 g6 30.Qf3 e4
31.Qxf6 Qxf6 32.Bxf6 Rd7 33.Rc4 a5 34.Rxe4 Ra8 35.Nc4 Bf8 36.Nb6

[Event "17. Internationales Open Graz 2010"]
[Site "Brauhaus Puntigam, Graz"]
[Date "2010.09.01"]
[Round "5"]
[Board "1"]
[White "Kasparov, Sergey"]
[Black "Mohr, Georg"]
[Result "1/2-1/2"]
[WhiteElo "2492"]
[BlackElo "2511"]
[PlyCount "41"]
[EventDate "2010.08.28"]
[EventRounds "9"]
[EventCountry "AUT"]

1.b4 d5 2.Bb2 Qd6 3.a3 e5 4.e3 Be6 5.Nf3 Nd7 6.Ng5 Bf5 7.c4 f6 8.Nf3 c6 9.d4 e4
10.Nfd2 Qe6 11.Nc3 Bd6 12.Qb3 Ne7 13.a4 Qf7 14.cxd5 cxd5 15.b5 Be6 16.Ba3 Bxa3
17.Qxa3 f5 18.g3 g5 19.Ne2 Ng6 20.f4 h6 21.Nb1